[Event "Sparkassen-Open A"]
[Site "Heusenstamm, Martinsee"]
[Date "2019.11.22"]
[Round "3.90"]
[White "Kuhn, Gerhard"]
[Black "Yue, Qizhou"]
[Result "1-0"]
[WhiteElo "1963"]
[BlackElo "1792"]
[PlyCount "97"]
[EventDate "2019.??.??"]
[WhiteTeam "SK Marburg"]
[BlackTeam "SV Multatuli Ingelheim e.V."]

1. e4 c5 2. c3 d5 3. exd5 Qxd5 4. d4 e6 5. Nf3 Nf6 6. Be2 Nc6 7. Na3 cxd4 8.
Nb5 Qd8 9. Nbxd4 Nxd4 10. Qxd4 Qxd4 11. Nxd4 Bc5 12. Nb3 Bb6 13. Bf3 e5 14. O-O
O-O 15. Re1 Re8 16. Bg5 Rb8 17. Nd2 Bf5 18. Nc4 Bc7 19. Ne3 Bd3 20. Rad1 e4 21.
Bxf6 gxf6 22. Nd5 Be5 23. Bxe4 Bxe4 24. Rxe4 f5 25. Ree1 Rbd8 26. Kf1 Kg7 27.
f4 Bb8 28. Rxe8 Rxe8 29. g3 h5 30. Kf2 Re4 31. Ne3 Kg6 32. Rd7 b6 33. Rd5 Ra4
34. a3 Ra5 35. Rxa5 bxa5 36. a4 h4 37. Kf3 hxg3 38. hxg3 Bc7 39. Nc4 Kf6 40.
Ne3 Ke6 41. Ke2 Bb6 42. Kd3 a6 43. b3 Bc5 44. Nc2 Bf2 45. Nd4+ Kf6 46. Ne2 Bb6
47. Nd4 Ba7 48. Kc4 Bb6 49. Kd5 1-0

[Event "Sparkassen-Open A"]
[Site "Heusenstamm, Martinsee"]
[Date "2019.11.22"]
[Round "3.91"]
[White "Westendorp, Christian"]
[Black "Berberich, Christoph"]
[Result "1/2-1/2"]
[WhiteElo "1821"]
[BlackElo "1958"]
[PlyCount "87"]
[EventDate "2019.??.??"]
[WhiteTeam "SK Holsterhausen"]
[BlackTeam "SGEM Dreisamtal"]

1. d4 Nf6 2. c4 c5 3. d5 b5 4. cxb5 a6 5. bxa6 g6 6. Nc3 Bxa6 7. Nf3 Bg7 8. g3
O-O 9. Bg2 d6 10. O-O Nbd7 11. Rb1 Ra7 12. b3 Qa8 13. Bb2 Rb8 14. Ba1 Nb6 15.
Ne1 Bb7 16. e4 Ba6 17. Nd3 Nfd7 18. f4 c4 19. Nb4 cxb3 20. Nxa6 bxa2 21. Nxa2
Rxa6 22. Nb4 Rxa1 23. Rxa1 Bxa1 24. Qxa1 Qxa1 25. Rxa1 Ra8 26. Rxa8+ Nxa8 27.
e5 Nab6 28. Nc6 Kf8 29. Bh3 f5 30. Bg2 dxe5 31. fxe5 Nc4 32. e6 Nf6 33. h3 Ne3
34. Nb4 Nxg2 35. Kxg2 Kg7 36. Kf3 Ne8 37. g4 Kf6 38. Nc6 h6 39. gxf5 gxf5 40.
Kf4 Ng7 41. h4 Nh5+ 42. Kf3 Ng7 43. Kf4 Nh5+ 44. Kf3 1/2-1/2

[Event "Sparkassen-Open A"]
[Site "Heusenstamm, Martinsee"]
[Date "2019.11.22"]
[Round "3.92"]
[White "Tietzen, Stefan"]
[Black "Mueller, Thorsten"]
[Result "0-1"]
[WhiteElo "1875"]
[BlackElo "2053"]
[PlyCount "46"]
[EventDate "2019.??.??"]
[WhiteTeam "SK Gernsheim"]
[BlackTeam "VSG Offenbach"]

1. e4 e6 2. d4 d5 3. Nc3 Nf6 4. Bg5 Be7 5. e5 Nfd7 6. Bxe7 Qxe7 7. Qd2 a6 8. f4
c5 9. Nf3 Nc6 10. dxc5 O-O 11. O-O-O f6 12. exf6 Qxf6 13. g3 Nxc5 14. Bg2 Rd8
15. Nd4 Ne4 16. Bxe4 dxe4 17. Nce2 e5 18. fxe5 Nxe5 19. Qe3 Ng4 20. Qb3+ Kh8
21. Rhf1 Nf2 22. Rde1 Bh3 23. Qxb7 Bxf1 0-1

[Event "Sparkassen-Open A"]
[Site "Heusenstamm, Martinsee"]
[Date "2019.11.22"]
[Round "3.93"]
[White "Michels, Holger"]
[Black "Schultze, Jörg-Martin"]
[Result "0-1"]
[WhiteElo "1798"]
[BlackElo "1950"]
[PlyCount "50"]
[EventDate "2019.??.??"]
[WhiteTeam "SC ML Kastellaun"]
[BlackTeam "SF Anderssen Wetzlar"]

1. c4 c5 2. g3 Nf6 3. Bg2 d5 4. cxd5 Nxd5 5. Nc3 Nc7 6. Nf3 Nc6 7. d3 e5 8. Be3
Be7 9. Rc1 f6 10. Na4 b6 11. Nxe5 Nxe5 12. Bxa8 Nxa8 13. Nc3 Bb7 14. f3 Qd7 15.
Ne4 Nc7 16. Qc2 O-O 17. h4 Re8 18. h5 f5 19. Nf2 Bd6 20. Kf1 Nxf3 21. h6 Rxe3
22. exf3 Rxf3 23. Qc4+ Bd5 24. Qh4 Bxg3 25. Qg5 Bxf2 0-1

[Event "Sparkassen-Open A"]
[Site "Heusenstamm, Martinsee"]
[Date "2019.11.22"]
[Round "3.94"]
[White "Voss, Georg"]
[Black "Emig, Nils"]
[Result "1-0"]
[WhiteElo "1950"]
[BlackElo "1815"]
[PlyCount "49"]
[EventDate "2019.??.??"]
[WhiteTeam "SV Schmallenberg"]
[BlackTeam "SK Marburg"]

1. c4 Nf6 2. g3 g6 3. Bg2 Bg7 4. Nc3 d6 5. e3 e5 6. Nge2 Nc6 7. a3 O-O 8. O-O
Nd7 9. b4 f5 10. Bb2 Ne7 11. Qb3 Kh8 12. d4 h6 13. c5 g5 14. dxe5 dxc5 15. e6
Nf6 16. bxc5 c6 17. e4 Qe8 18. Nd4 f4 19. Nf5 Nxf5 20. exf5 Qh5 21. Ne4 Qg4 22.
e7 Bxf5 23. exf8=Q+ Rxf8 24. Nxf6 Bxf6 25. Bxf6+ 1-0

[Event "Sparkassen-Open A"]
[Site "Heusenstamm, Martinsee"]
[Date "2019.11.22"]
[Round "3.95"]
[White "Füssel, Jan Michael"]
[Black "Browning, Rebecca"]
[Result "1/2-1/2"]
[WhiteElo "1792"]
[BlackElo "1895"]
[PlyCount "140"]
[EventDate "2019.??.??"]
[WhiteTeam "VSG Offenbach"]
[BlackTeam "MS Halver-Schalksmühle"]

1. b3 d5 2. Bb2 Nc6 3. e3 a6 4. Nf3 Nf6 5. Be2 Bf5 6. O-O e6 7. d3 Be7 8. c4
Qd7 9. Nc3 Rd8 10. Rc1 O-O 11. Nh4 Bg6 12. Nxg6 hxg6 13. Bf3 Ne5 14. h3 Nxf3+
15. Qxf3 dxc4 16. dxc4 c6 17. Rfd1 Qc7 18. e4 Qa5 19. Qe2 e5 20. Na4 Nd7 21.
Bc3 Qc7 22. Nb2 Nc5 23. b4 Ne6 24. c5 f6 25. Nc4 Nf4 26. Qc2 Qc8 27. Rxd8 Rxd8
28. Rd1 Rxd1+ 29. Qxd1 Qd8 30. Qxd8+ Bxd8 31. Kf1 Bc7 32. Bd2 Ne6 33. Be3 Kf8
34. Ke2 Ke7 35. h4 Nd8 36. g3 Nf7 37. Kf3 Ke6 38. Bc1 Kd7 39. Kg4 Ke6 40. f4
Nh6+ 41. Kf3 Nf7 42. a3 Ke7 43. Bb2 Ke6 44. Ke3 Bd8 45. fxe5 fxe5 46. Kf3 g5
47. h5 Bc7 48. Bc1 Kf6 49. Ne3 Nh6 50. Ng4+ Ke6 51. Bxg5 Nf7 52. Bh4 b6 53.
cxb6 Bxb6 54. Ne3 Nd6 55. Nc2 a5 56. g4 Nc4 57. Be1 axb4 58. axb4 c5 59. bxc5
Bxc5 60. Nb4 Nd6 61. Nd5 Nf7 62. Bd2 Bf8 63. g5 Nd6 64. Ne3 Be7 65. Ng4 Nf7 66.
h6 gxh6 67. gxh6 Nh8 68. Ne3 Bg5 69. Nc4 Bxd2 70. Nxd2 Nf7 1/2-1/2

[Event "Sparkassen-Open A"]
[Site "Heusenstamm, Martinsee"]
[Date "2019.11.22"]
[Round "3.96"]
[White "Ahmad, Momin"]
[Black "Pohle, Saskia"]
[Result "1/2-1/2"]
[WhiteElo "1918"]
[BlackElo "1695"]
[PlyCount "62"]
[EventDate "2019.??.??"]
[WhiteTeam "SK Ottenau"]
[BlackTeam "Muldental Wilkau-Haßlau"]

1. e4 e5 2. Nf3 Nc6 3. d4 exd4 4. Bc4 Nf6 5. e5 d5 6. Bb5 Ne4 7. Nxd4 Bd7 8.
Bxc6 bxc6 9. O-O Bc5 10. f3 Ng5 11. f4 Ne4 12. Be3 Bb6 13. Nd2 Nxd2 14. Qxd2 c5
15. Nf3 d4 16. Bf2 Be6 17. Bh4 Qd7 18. Ng5 Bf5 19. c4 O-O 20. Rae1 a5 21. h3 a4
22. Rd1 f6 23. Nf3 fxe5 24. Nxe5 Qd6 25. Qe2 Rae8 26. g4 Bc8 27. Bg3 Qh6 28.
Kh2 c6 29. Qg2 Ba7 30. f5 Bb8 31. Rde1 Qf6 1/2-1/2

[Event "Sparkassen-Open A"]
[Site "Heusenstamm, Martinsee"]
[Date "2019.11.22"]
[Round "3.97"]
[White "Markosyan, Aleksandr"]
[Black "Winter, Lars"]
[Result "1/2-1/2"]
[WhiteElo "1759"]
[BlackElo "1917"]
[PlyCount "104"]
[EventDate "2019.??.??"]
[WhiteTeam "SG Idstein"]
[BlackTeam "SV Fechenheim"]

1. e4 e6 2. d4 d5 3. Bd3 dxe4 4. Bxe4 Nf6 5. Bf3 Be7 6. Ne2 O-O 7. O-O Nbd7 8.
c3 e5 9. Ng3 exd4 10. cxd4 Nb6 11. Nc3 c6 12. Qd3 Be6 13. Rd1 Qd7 14. Nce4 Rad8
15. Nh5 Nxh5 16. Bxh5 Bg4 17. Bxg4 Qxg4 18. h3 Qg6 19. Be3 Rd7 20. Nc5 Qxd3 21.
Nxd3 Rfd8 22. Rac1 Nd5 23. Rc2 Nb4 24. Nxb4 Bxb4 25. a3 Be7 26. Re1 a6 27. Rce2
Kf8 28. f3 Bf6 29. Kh2 Bxd4 30. Bxd4 Rxd4 31. Re7 R4d7 32. R7e4 g6 33. Kg3 h5
34. Rb4 Re8 35. Rxe8+ Kxe8 36. Rb6 Kd8 37. Kh4 Kc7 38. Rb3 b5 39. g4 hxg4 40.
fxg4 c5 41. Kg5 c4 42. Rf3 a5 43. h4 Kc6 44. h5 Rd5+ 45. Kh6 gxh5 46. gxh5 b4
47. Rxf7 c3 48. bxc3 bxc3 49. Rf1 Kb5 50. Kg6 Rd6+ 51. Kg7 Rd7+ 52. Kf6 Kc4
1/2-1/2

[Event "Sparkassen-Open A"]
[Site "Heusenstamm, Martinsee"]
[Date "2019.11.22"]
[Round "3.98"]
[White "Hagner, Bennet"]
[Black "Baumann, Dennis"]
[Result "1-0"]
[WhiteElo "1890"]
[BlackElo "1664"]
[PlyCount "63"]
[EventDate "2019.??.??"]
[WhiteTeam "Frankfurter TV"]
[BlackTeam "SF Schöneck"]

1. e4 c5 2. Nf3 d6 3. d4 cxd4 4. Nxd4 Nf6 5. Nc3 a6 6. Be3 e5 7. Nb3 Be6 8. Qd2
Be7 9. f3 O-O 10. O-O-O b5 11. g4 Nbd7 12. h4 Nc5 13. h5 Nxb3+ 14. axb3 Rc8 15.
g5 Nd7 16. Kb1 f6 17. g6 Nb6 18. h6 gxh6 19. Rxh6 hxg6 20. Rxg6+ Kf7 21. Bxb6
Qxb6 22. Qh6 Ke8 23. Bh3 Bxh3 24. Qxh3 Qc7 25. Rg7 Qd7 26. Qh5+ Kd8 27. Nd5 Qc6
28. c3 Re8 29. Qf7 Qb7 30. Nxf6 Rf8 31. Rxd6+ Kc7 32. Qxe7+ 1-0

[Event "Sparkassen-Open A"]
[Site "Heusenstamm, Martinsee"]
[Date "2019.11.22"]
[Round "3.99"]
[White "Michels, Fabio"]
[Black "Perez Valero, Rodrigo Gael"]
[Result "1-0"]
[WhiteElo "1800"]
[BlackElo "1551"]
[PlyCount "51"]
[EventDate "2019.??.??"]
[WhiteTeam "SC ML Kastellaun"]
[BlackTeam "VSG Offenbach"]

1. c4 e5 2. g3 Nf6 3. Bg2 Bc5 4. Nc3 d6 5. e3 Nc6 6. Nge2 Bg4 7. h3 Bd7 8. O-O
Qc8 9. Kh2 h5 10. d4 Bb4 11. Nd5 Nxd5 12. cxd5 Ne7 13. a3 Ba5 14. b4 Bb6 15.
dxe5 dxe5 16. Bb2 h4 17. g4 f6 18. Rc1 a6 19. Nc3 f5 20. d6 Ng6 21. gxf5 Bxf5
22. dxc7 Bxc7 23. Nd5 O-O 24. Rxc7 Qe6 25. Nf4 Qf6 26. Bd5+ 1-0

[Event "Sparkassen-Open A"]
[Site "Heusenstamm, Martinsee"]
[Date "2019.11.22"]
[Round "3.100"]
[White "Cors, Heinz-Friedrich"]
[Black "Lysakovskyi, Oleh"]
[Result "1-0"]
[WhiteElo "1893"]
[BlackElo "1559"]
[PlyCount "85"]
[EventDate "2019.??.??"]
[WhiteTeam "Schachforum Darmstadt"]
[BlackTeam "SV Neu-Isenburg"]

1. c4 Nf6 2. Nc3 g6 3. g3 Bg7 4. Bg2 c6 5. e4 e5 6. Nge2 O-O 7. O-O d6 8. d3
Bg4 9. h3 Be6 10. b3 Nbd7 11. Be3 Qa5 12. Qd2 a6 13. Kh2 b5 14. Rad1 b4 15. Na4
c5 16. f4 Nb8 17. a3 Nc6 18. axb4 cxb4 19. Bb6 exf4 20. Bxa5 fxg3+ 21. Nxg3
Nxa5 22. e5 dxe5 23. Bxa8 Rxa8 24. Qxb4 Nc6 25. Qb7 Rc8 26. Nb6 Nd8 27. Qxa6
Rb8 28. Ne4 Ne8 29. b4 Nc7 30. Qa5 Nc6 31. Qc5 Na6 32. Qxc6 Nxb4 33. Qd6 Na6
34. Nf6+ Kh8 35. Nfd7 Rd8 36. Qe7 Rg8 37. Rxf7 Bxf7 38. Qxf7 Nb4 39. Nd5 Nc2
40. N5f6 Ra8 41. Nxe5 Rf8 42. Qg8+ Rxg8 43. Nf7# 1-0

[Event "Sparkassen-Open A"]
[Site "Heusenstamm, Martinsee"]
[Date "2019.11.22"]
[Round "3.101"]
[White "Steinke, Hans-Jörg"]
[Black "Lotz, Ralf"]
[Result "0-1"]
[WhiteElo "1753"]
[BlackElo "1882"]
[PlyCount "96"]
[EventDate "2019.??.??"]
[WhiteTeam "SV Datteln"]
[BlackTeam "SC Obertshausen"]

1. d4 e6 2. c4 Nf6 3. Nf3 b6 4. g3 Ba6 5. b3 Bb4+ 6. Bd2 Bxd2+ 7. Nbxd2 d5 8.
Bg2 O-O 9. O-O Nbd7 10. Re1 c5 11. e3 Rc8 12. Rc1 Re8 13. Qc2 Bb7 14. Qb1 Rc7
15. h4 Qa8 16. cxd5 exd5 17. a3 c4 18. Qb2 b5 19. Rc3 a5 20. b4 Nb6 21. Rcc1
Na4 22. Qb1 Rec8 23. Bh3 Rb8 24. Nb3 axb4 25. axb4 Bc8 26. Bxc8 Rbxc8 27. Nc5
Nb6 28. Qb2 Ra7 29. Ra1 Rcc7 30. Kg2 Nc8 31. Ng1 Ne7 32. Ne2 Ne4 33. f3 Nd6 34.
Nc3 Rxa1 35. Rxa1 Ra7 36. Rxa7 Qxa7 37. e4 dxe4 38. fxe4 Qa8 39. Kf2 f5 40. e5
Ne4+ 41. N5xe4 fxe4 42. Nxb5 Qf8+ 43. Ke1 Nd5 44. Nd6 Qf3 45. Qf2 Qc3+ 46. Kf1
Ne3+ 47. Kg1 Qc1+ 48. Kh2 Ng4+ 0-1

[Event "Sparkassen-Open A"]
[Site "Heusenstamm, Martinsee"]
[Date "2019.11.22"]
[Round "3.102"]
[White "Herrmann, Gerhard"]
[Black "Reinhard, Stefan"]
[Result "0-1"]
[WhiteElo "1548"]
[BlackElo "1986"]
[PlyCount "94"]
[EventDate "2019.??.??"]
[WhiteTeam "SC Königsspringer Alzenau"]
[BlackTeam "SF Dettingen"]

1. e4 e5 2. Nf3 Nc6 3. Bb5 Nf6 4. O-O d6 5. Re1 a6 6. Ba4 b5 7. Bb3 Na5 8. h3
c5 9. c3 Nxb3 10. axb3 Bb7 11. d3 Be7 12. Bg5 Nd7 13. Bxe7 Qxe7 14. Nbd2 O-O
15. Nf1 f5 16. exf5 Rxf5 17. N1h2 Raf8 18. Re3 Nb6 19. c4 b4 20. Qe2 Na8 21.
Rf1 Qd8 22. Nd2 Nc7 23. Ne4 Ne6 24. Qd1 Nd4 25. Rg3 Qc7 26. Ng4 Rf4 27. f3 Nf5
28. Kh2 Kh8 29. h4 h5 30. Rh3 hxg4 31. fxg4 Nd4 32. Rxf4 Rxf4 33. g5 Bxe4 34.
dxe4 Qf7 35. h5 Rf1 36. Qg4 Qf4+ 37. Qxf4 Rxf4 38. g6 Rxe4 39. h6 gxh6 40.
Rxh6+ Kg7 41. Rh7+ Kxg6 42. Rd7 Nf5 43. Ra7 Re2 44. Rxa6 Rxb2 45. Ra8 Rxb3 46.
Rg8+ Kf7 47. Rh8 Rc3 0-1

[Event "Sparkassen-Open A"]
[Site "Heusenstamm, Martinsee"]
[Date "2019.11.22"]
[Round "3.103"]
[White "Midanka, Vladimir Josef"]
[Black "Rutsatz, Mario"]
[Result "0-1"]
[WhiteElo "1775"]
[BlackElo "1978"]
[PlyCount "80"]
[EventDate "2019.??.??"]
[WhiteTeam "SC Brett vorm Kopp"]
[BlackTeam "SF Frankfurt"]

1. Nf3 c5 2. c4 Nc6 3. Nc3 g6 4. d4 cxd4 5. Nxd4 Bg7 6. e3 Nf6 7. Be2 O-O 8.
O-O d5 9. Nxd5 Nxd5 10. Nxc6 bxc6 11. cxd5 cxd5 12. Rb1 e5 13. b3 Bf5 14. Bd3
e4 15. Bb5 Rb8 16. Be2 d4 17. Bb2 d3 18. Bg4 Bxg4 19. Qxg4 f5 20. Qd1 Qa5 21.
Bxg7 Kxg7 22. Rb2 Qe5 23. Qd2 Rbc8 24. Rc1 Rc7 25. g3 Rfc8 26. Rxc7+ Qxc7 27.
Kg2 Qc3 28. a3 Qxd2 29. Rxd2 Rc3 30. b4 Rxa3 31. Rb2 Kf6 32. f4 Rc3 33. Kh3 Rc2
34. Rb1 Ke6 35. b5 d2 36. Rd1 Kd5 37. g4 Kc4 38. gxf5 gxf5 39. Kg3 Kd3 40. Ra1
Kxe3 0-1

[Event "Sparkassen-Open A"]
[Site "Heusenstamm, Martinsee"]
[Date "2019.11.22"]
[Round "3.104"]
[White "Zimmer, Gerald"]
[Black "Karl, Florian"]
[Result "1-0"]
[WhiteElo "1958"]
[BlackElo "1739"]
[PlyCount "65"]
[EventDate "2019.??.??"]
[WhiteTeam "SC Bergen-Enkheim"]
[BlackTeam "SK Langen"]

1. c4 e6 2. g3 d5 3. Bg2 Nf6 4. Nf3 Be7 5. O-O O-O 6. b3 c5 7. d4 Nc6 8. Bb2 b6
9. Na3 cxd4 10. Nxd4 Nxd4 11. Qxd4 Bb7 12. Rfd1 Qb8 13. cxd5 Bc5 14. Qh4 Nxd5
15. Nc4 Be7 16. Qh5 b5 17. Na5 Rd8 18. Be5 Bd6 19. Bxd6 Rxd6 20. Qe5 f6 21. Qd4
Rd7 22. Qc5 Qc8 23. Rac1 Rb8 24. Nxb7 Qxb7 25. e4 Ne7 26. e5 Rxd1+ 27. Rxd1 Rc8
28. Qd6 Qc7 29. Qxe6+ Kf8 30. exf6 gxf6 31. Qxf6+ Kg8 32. Re1 Ng6 33. Bd5+ 1-0

[Event "Sparkassen-Open A"]
[Site "Heusenstamm, Martinsee"]
[Date "2019.11.22"]
[Round "3.105"]
[White "Krychevskiy, Dmytro"]
[Black "Tojcic, Josip"]
[Result "1-0"]
[WhiteElo "1947"]
[BlackElo "1773"]
[PlyCount "75"]
[EventDate "2019.??.??"]
[WhiteTeam "SV Oberursel"]
[BlackTeam "Niederräder TG"]

1. e4 c6 2. d4 d5 3. Nc3 dxe4 4. Nxe4 Bf5 5. Ng3 g6 6. c3 Bg7 7. Bc4 Nf6 8. Qb3
b5 9. Bxf7+ Kf8 10. Nxf5 gxf5 11. Be6 Qd6 12. Bxf5 Nd5 13. Ne2 Qf6 14. Be4 e6
15. a4 bxa4 16. Qb7 Nb6 17. Bf4 Qd8 18. Bxc6 Nxc6 19. Qxc6 Kf7 20. Qf3 Bf6 21.
Be5 Nd5 22. O-O Rf8 23. Qh5+ Kg8 24. Qg4+ Kh8 25. Qxe6 Bxe5 26. Qxe5+ Kg8 27.
Rxa4 Qd7 28. Qg5+ Kh8 29. Rfa1 Rf5 30. Qh4 Rg8 31. c4 Qg7 32. g3 Nf6 33. d5 Rh5
34. Qd4 Qh6 35. Ra6 Rg6 36. Nf4 Rxh2 37. Nxg6+ hxg6 38. Qxf6+ 1-0

[Event "Sparkassen-Open A"]
[Site "Heusenstamm, Martinsee"]
[Date "2019.11.22"]
[Round "3.106"]
[White "Wirth, Wolfram"]
[Black "Modric, Vladimir"]
[Result "0-1"]
[WhiteElo "1747"]
[BlackElo "1930"]
[PlyCount "88"]
[EventDate "2019.??.??"]
[WhiteTeam "SK Gau-Algesheim"]
[BlackTeam "SC Nied"]

1. e4 d6 2. d4 Nf6 3. Nc3 g6 4. f4 Bg7 5. Nf3 O-O 6. Be3 Na6 7. h3 c5 8. Bxa6
bxa6 9. dxc5 Qa5 10. e5 Ne4 11. Bd2 Nxd2 12. Qxd2 dxe5 13. fxe5 Qxc5 14. Qd5
Qe3+ 15. Ne2 Rb8 16. b3 Bb7 17. Qd4 Bh6 18. Qxe3 Bxe3 19. Rd1 Rfd8 20. Rf1
Rxd1+ 21. Kxd1 Rd8+ 22. Ke1 a5 23. c4 a4 24. Nc3 axb3 25. axb3 Rd3 26. Nd1 Bc5
27. Ng5 Bxg2 28. Rf4 Bb4+ 29. Kf2 Rd2+ 30. Kg3 Bc6 31. Nf2 Rb2 32. Nge4 Rxb3+
33. Kh2 Rb2 34. Kg1 Rb1+ 35. Kh2 Re1 36. Nd3 Re2+ 37. Kg1 Rxe4 38. Rxe4 Bxe4
39. Nxb4 a5 40. Na2 a4 41. Kf2 a3 42. Ke3 Bb1 43. Nc3 a2 44. Nxa2 Bxa2 0-1

[Event "Sparkassen-Open A"]
[Site "Heusenstamm, Martinsee"]
[Date "2019.11.22"]
[Round "3.107"]
[White "Hegel, Christoph"]
[Black "Biot, Thomas"]
[Result "1/2-1/2"]
[WhiteElo "1928"]
[BlackElo "1763"]
[PlyCount "65"]
[EventDate "2019.??.??"]
[WhiteTeam "Vorw.Orient Mainz"]
[BlackTeam "CRELEL"]

1. d4 Nf6 2. Nf3 d5 3. e3 Bg4 4. c4 e6 5. Qb3 Qc8 6. Nc3 c6 7. Bd2 Nbd7 8. Rc1
dxc4 9. Bxc4 Nb6 10. Be2 Qd8 11. O-O Bd6 12. e4 Nfd7 13. Bg5 Be7 14. Bxe7 Qxe7
15. e5 Rb8 16. Ne4 Nc8 17. Qe3 h6 18. Bd3 Bf5 19. Nfd2 Bxe4 20. Nxe4 Ndb6 21.
f4 Nd5 22. Qg3 O-O 23. a3 f5 24. exf6 Nxf6 25. Rce1 Qd7 26. Qe3 Ng4 27. Qh3
Qxd4+ 28. Kh1 Nf6 29. Qxe6+ Kh8 30. Qe5 Qxd3 31. Nxf6 Nb6 32. Nh5 Qg6 33. Ng3
1/2-1/2

[Event "Sparkassen-Open A"]
[Site "Heusenstamm, Martinsee"]
[Date "2019.11.22"]
[Round "3.108"]
[White "Renger, Jürgen"]
[Black "Von Auer, Ulrich"]
[Result "1/2-1/2"]
[WhiteElo "1682"]
[BlackElo "2033"]
[PlyCount "58"]
[EventDate "2019.??.??"]
[WhiteTeam "Sges Bensheim"]
[BlackTeam "SF Frankfurt"]

1. d4 Nf6 2. c4 g6 3. Nc3 d5 4. e3 Bg7 5. Qb3 c6 6. Nf3 O-O 7. Be2 dxc4 8. Bxc4
b5 9. Be2 Be6 10. Qc2 Nd5 11. Nxd5 Qxd5 12. O-O Bf5 13. Rd1 a6 14. Nh4 Be6 15.
a4 b4 16. Bd2 a5 17. Rac1 Qd6 18. Nf3 Bd5 19. Bc4 Nd7 20. Qb3 Nb6 21. Bxd5 cxd5
22. Qd3 Nxa4 23. b3 Nc3 24. Bxc3 bxc3 25. Rxc3 Rfc8 26. Rdc1 Rxc3 27. Qxc3 e6
28. h3 Bf8 29. Ne5 a4 1/2-1/2

[Event "Sparkassen-Open A"]
[Site "Heusenstamm, Martinsee"]
[Date "2019.11.22"]
[Round "3.109"]
[White "Stork, Christopher"]
[Black "Westhof, Benedikt"]
[Result "1/2-1/2"]
[WhiteElo "1912"]
[BlackElo "1753"]
[PlyCount "87"]
[EventDate "2019.??.??"]
[WhiteTeam "SV Oberursel"]
[BlackTeam "SC Heusenstamm"]

1. e4 e5 2. Nf3 Nf6 3. Nxe5 d6 4. Nf3 Nxe4 5. d4 d5 6. Be2 Be7 7. O-O Bg4 8. c3
c6 9. Nbd2 Nxd2 10. Bxd2 Nd7 11. h3 Bh5 12. Bf4 O-O 13. Re1 Re8 14. Qc2 Nf6 15.
Ne5 Bxe2 16. Rxe2 Ne4 17. f3 Ng5 18. Rae1 Ne6 19. Nxf7 Nxf4 20. Nxd8 Nxe2+ 21.
Rxe2 Raxd8 22. Qb3 Bd6 23. Rxe8+ Rxe8 24. Kf2 Re7 25. Qa4 a6 26. Qc2 Bf4 27.
Qf5 Be3+ 28. Kg3 Bc1 29. Qc2 Bg5 30. c4 dxc4 31. Qxc4+ Kf8 32. d5 cxd5 33. Qc8+
Kf7 34. Qf5+ Bf6 35. Qxh7 d4 36. Qh5+ Kg8 37. Qd5+ Kf8 38. h4 Ke8 39. Qg8+ Kd7
40. Qd5+ Kc8 41. Qc5+ Kb8 42. Qd6+ Ka8 43. Qd8+ Ka7 44. Qd5 1/2-1/2

[Event "Sparkassen-Open A"]
[Site "Heusenstamm, Martinsee"]
[Date "2019.11.22"]
[Round "3.110"]
[White "Eurich, Jannik"]
[Black "Müller, Maximilian"]
[Result "1-0"]
[WhiteElo "1859"]
[BlackElo "1698"]
[PlyCount "101"]
[EventDate "2019.??.??"]
[WhiteTeam "SK Langen"]
[BlackTeam "SC Eppelborn"]

1. e4 e6 2. d4 d5 3. Nd2 Nf6 4. e5 Nfd7 5. Bd3 c5 6. c3 Nc6 7. Ngf3 cxd4 8.
cxd4 f6 9. exf6 Nxf6 10. O-O Bd6 11. Re1 O-O 12. Nb3 Qc7 13. Qe2 Ng4 14. h3 Nf6
15. Ne5 a5 16. Nxc6 bxc6 17. Bg5 Qb6 18. Rac1 Rb8 19. Rc2 Bd7 20. Nc5 Bxc5 21.
dxc5 Qc7 22. Qe3 Rb4 23. a3 Rb3 24. Bxf6 Rxf6 25. Bxh7+ Kxh7 26. Qxb3 Rg6 27.
Qe3 Qd8 28. Qf4 Qe8 29. Re5 Rf6 30. Qa4 Qg6 31. Rce2 Qb1+ 32. Kh2 Qc1 33. Qxa5
Qf4+ 34. g3 Qd4 35. Qd2 Qxc5 36. b4 Qa7 37. Qe3 Qa4 38. h4 Bc8 39. h5 Qd1 40.
Rd2 Qg4 41. Rd4 Qf3 42. Rd2 Qg4 43. Kg2 Rf5 44. Rd4 Rxe5 45. Qxe5 Qf5 46. Qxf5+
exf5 47. a4 Ba6 48. Kf3 Kh6 49. Kf4 Bc8 50. b5 cxb5 51. axb5 1-0

[Event "Sparkassen-Open A"]
[Site "Heusenstamm, Martinsee"]
[Date "2019.11.22"]
[Round "3.111"]
[White "Hänselmann, Hendrik"]
[Black "Marzec, Witold"]
[Result "1/2-1/2"]
[WhiteElo "1848"]
[BlackElo "1711"]
[PlyCount "106"]
[EventDate "2019.??.??"]
[WhiteTeam "Karlsruher SF"]
[BlackTeam "vereinslos"]

1. e4 c5 2. Nf3 d6 3. d4 cxd4 4. Nxd4 Nf6 5. Nc3 a6 6. a4 e5 7. Nf3 Be7 8. Bc4
O-O 9. O-O Nc6 10. Bg5 Bg4 11. Bxf6 Bxf6 12. Nd5 Nd4 13. Be2 Nxe2+ 14. Qxe2 Rc8
15. c3 Be6 16. Rfd1 Rc6 17. Rd3 Bxd5 18. Rxd5 Qb6 19. Rad1 Be7 20. Qc2 Rc5 21.
Rxc5 Qxc5 22. Rd5 Qb6 23. Nd2 Rc8 24. Nf1 Bg5 25. a5 Qc7 26. Qd1 Be7 27. Ne3 g6
28. Qg4 Kh8 29. Rd3 Rf8 30. Nd5 Qd8 31. Qd1 Bg5 32. Nb6 Be7 33. Nc4 Qc7 34. b3
Rd8 35. Qd2 f6 36. Rh3 Bf8 37. Rf3 Kg7 38. Nb6 Be7 39. Qd5 Bf8 40. c4 Qf7 41.
Qd2 Be7 42. Nd5 Rd7 43. h3 Rd8 44. b4 Rf8 45. Qc2 Qe8 46. Rg3 Qd7 47. b5 Kh8
48. Rf3 Kg7 49. bxa6 bxa6 50. Qb3 Bd8 51. Qb4 Rf7 52. Rd3 Qc6 53. Kf1 Rb7
1/2-1/2

[Event "Sparkassen-Open A"]
[Site "Heusenstamm, Martinsee"]
[Date "2019.11.22"]
[Round "3.112"]
[White "Schwegler, Jelena"]
[Black "Wimmer, Thomas"]
[Result "1/2-1/2"]
[WhiteElo "1513"]
[BlackElo "1836"]
[PlyCount "39"]
[EventDate "2019.??.??"]
[WhiteTeam "SK Bad Homburg"]
[BlackTeam "SK Marburg"]

1. e4 c6 2. d4 d5 3. Nc3 dxe4 4. Nxe4 Bf5 5. Ng3 Bg6 6. Nf3 Nd7 7. Bc4 e6 8.
Bf4 Ngf6 9. Qe2 Nd5 10. Bg5 Qa5+ 11. Bd2 Bb4 12. O-O Bxd2 13. Nxd2 O-O 14. Nde4
N7f6 15. f4 Nxe4 16. Nxe4 Qb6 17. Rfd1 Nxf4 18. Qf3 Qc7 19. Rf1 Nd5 20. Rf2
1/2-1/2

[Event "Sparkassen-Open A"]
[Site "Heusenstamm, Martinsee"]
[Date "2019.11.22"]
[Round "3.113"]
[White "Hartmann, Egon"]
[Black "Huck, Robert"]
[Result "0-1"]
[WhiteElo "1694"]
[BlackElo "1832"]
[PlyCount "50"]
[EventDate "2019.??.??"]
[WhiteTeam "SF Forst"]
[BlackTeam "SC Königsspringer Alzenau"]

1. d4 Nf6 2. c4 d6 3. Nf3 Nbd7 4. g3 e5 5. Bg2 c6 6. O-O Be7 7. Nc3 O-O 8. Bg5
h6 9. Bxf6 Bxf6 10. e3 Re8 11. dxe5 Nxe5 12. Nxe5 Bxe5 13. Rc1 Be6 14. b3 f5
15. Qc2 Rc8 16. Rfd1 Qe7 17. Qd2 Rcd8 18. Ne2 g5 19. Nd4 Bc8 20. Qc2 Rf8 21.
Qe2 f4 22. exf4 gxf4 23. Qh5 Qg7 24. Nc2 Bg4 25. Qh4 Bf6 0-1

[Event "Sparkassen-Open A"]
[Site "Heusenstamm, Martinsee"]
[Date "2019.11.22"]
[Round "3.114"]
[White "Kemper, Yannick"]
[Black "Niedenthal, Robert"]
[Result "1/2-1/2"]
[WhiteElo "1808"]
[BlackElo "1686"]
[PlyCount "101"]
[EventDate "2019.??.??"]
[WhiteTeam "SK Ludwigshafen"]
[BlackTeam "SV Hofheim"]

1. e4 d5 2. exd5 Nf6 3. d4 Bg4 4. f3 Bf5 5. Bb5+ Bd7 6. Bxd7+ Qxd7 7. c4 c6 8.
dxc6 Nxc6 9. Ne2 O-O-O 10. Be3 e5 11. d5 Bb4+ 12. Nbc3 Qe7 13. O-O Bc5 14. Qc1
Nd4 15. Kh1 a6 16. Ng3 g6 17. Re1 Nd7 18. b4 Ba7 19. c5 Qf8 20. Bxd4 exd4 21.
Nce2 Qg7 22. Qd2 Nf6 23. d6 Nd5 24. Qxd4 Qxd4 25. Nxd4 Nxb4 26. Re7 Bxc5 27.
Rc7+ Kb8 28. Rxc5 Rxd6 29. Nb3 Rhd8 30. h3 Nd3 31. Rc3 f5 32. Rb1 h5 33. Nc5
Nxc5 34. Rxc5 Rd2 35. a4 Ra2 36. a5 Rdd2 37. Rg1 h4 38. Nf1 Re2 39. Nh2 Ka7 40.
f4 Re4 41. Nf3 Rxf4 42. Rd1 Re4 43. Rd2 Ra1+ 44. Kh2 Rb4 45. Rcd5 Rbb1 46. Nxh4
f4 47. g4 Rh1+ 48. Kg2 Rag1+ 49. Kf2 Rf1+ 50. Kg2 Rhg1+ 51. Kh2 1/2-1/2

[Event "Sparkassen-Open A"]
[Site "Heusenstamm, Martinsee"]
[Date "2019.11.22"]
[Round "3.115"]
[White "Krischak, Werner"]
[Black "Lutterbach, Jakob"]
[Result "0-1"]
[WhiteElo "1684"]
[BlackElo "1707"]
[PlyCount "26"]
[EventDate "2019.??.??"]
[WhiteTeam "SK Marburg"]
[BlackTeam "SK Bingen"]

1. d4 d5 2. Nf3 Nf6 3. c4 e6 4. Nc3 Be7 5. cxd5 exd5 6. Bg5 c6 7. Qc2 g6 8. Bh6
Bf5 9. Qd2 a5 10. Bg7 Rg8 11. Bh6 Ne4 12. Nxe4 dxe4 13. Ng5 Bb4 0-1